| 000 | 00511cam a2200205ua 4500 | ||
|---|---|---|---|
| 020 | _cRs 54.00 | ||
| 041 |
_aeng _h |
||
| 082 |
_a028.71624 _bKHA/IN |
||
| 100 | _aKhanna, P N . | ||
| 245 |
_aIndian practical civil engineers handbook / _cP N Khanna. _hTextual Documents |
||
| 250 |
_a9 / _b. |
||
| 260 |
_a : _bEngineers Publishers , _c1982. |
||
| 300 | _a2100 ; . | ||
| 365 | _aRs 54.00 | ||
| 504 | _a | ||
| 942 | _cBK | ||
| 999 |
_c3852 _d3852 |
||